000 00985cam a2200205 4500
001 WB3831-29
008 020827n2002 000 0 eng u
035 _a(Sirsi) u119440
245 _aInsurance crisis condemned
260 _c2002
490 _aNational Federation of Builders Press Release
_v21 August 2002, (2)
520 _aThe National Federation of Builders (NFB) has warned government that the shortage and expense of compulsory employers liability insurance will force small construction companies to trade illegally or face closure. The NFB has called for the Treasury to extend the Pool Re facility to cover employers liability, but no immediate action has been confirmed. www.builders.org.uk/cgi-bin/nfb/newslist.pl?RUN=nfb.regions.shownews&keyf=105
590 _aWB
650 _aEMPLOYERS LIABILITY INSURANCE
650 _aCONSTRUCTION INDUSTRY
650 _aNATIONAL FEDERATION OF BUILDERS
650 _aPOOL RE
690 _aInsurance
_96249
942 _n0
999 _c71012
_d71012